000 00594nam a2200229Ia 4500
003 OSt
005 20221007080101.0
006 a|||||r|||| 00| 0
007 ta
008 221006b |||||||| |||| 00| 0 eng d
024 _a17,065
037 _cTextual
040 _aFLL
_cFLL
_beng
041 _2eng
_aeng
082 _aX9W.2.N7, M0
100 _aKolesov V.
_9694609
245 0 _aPublic Sector
260 _aNew Delhi
_bSterling Publishers Pvt. Ltd. India
_c1980
300 _a212p
_ccm.
942 _hX9W.2.N7, M0
_cTEXL
_2CC
999 _c1158316
_d1158316